header

Advertising at war (Record no. 54854)

MARC details
000 -LEADER
fixed length control field 01599nam a2200397Ia 4500
082 04 - DEWEY DECIMAL CLASSIFICATION NUMBER
Classification number 940.54/88973
100 1# - MAIN ENTRY--AUTHOR NAME
Personal name Stole, Inger L.
245 10 - TITLE STATEMENT
Title Advertising at war
260 ## - PUBLICATION, DISTRIBUTION, ETC. (IMPRINT)
Place of publication Urbana :
Name of publisher University of Illinois Press,
Year of publication c2012.
300 ## - PHYSICAL DESCRIPTION
Number of Pages 263 p. :
Other physical details ill.
490 1# - SERIES STATEMENT
Series statement The history of communication
650 #0 - SUBJECT ADDED ENTRY--TOPICAL TERM
Topical Term Advertising
Topical Term World War, 1939-1945
Topical Term Corporations
856 40 - ELECTRONIC LOCATION AND ACCESS
Uniform Resource Identifier http://site.ebrary.com/lib/rucke/Doc?id=10617501

No items available.

© 2026 Rongo University
Contact us: librarian | system librarian | Rongo university